LEADER 01305nam1 2200409 450 001 990001143790203316 005 20030716161554.0 035 $a000114379 035 $aUSA01000114379 035 $a(ALEPH)000114379USA01 035 $a000114379 100 $a20030417d2002----km-y0enga50------ba 101 0 $aita 102 $aIT 105 $aa|||z|||001yy 200 1 $aGonzaga$ela Celeste Galeria$fa cura di Raffaella Morselli 210 $aMilano$cSkira$d2002- 215 $a2 v.$cill.$d28 cm 300 $aCatalogo della mostra tenuta a Mantova nel 2002. - In custodia 463 \1$1001990001098110203316$12001 $a<<2. :>> <> raccolte 600 $aGonzaga $xMecenatismo$xEsposizioni$z2002 606 0 $aArte$xMantova$zSec. 16.-17.$xEsposizioni$z2002 676 $a709.4528 702 1$aMORSELLI,$bRaffaella 801 0$aIT$bsalbc$gISBD 912 $a990001143790203316 951 $aVII E 685$bL.M.$cVII E 959 $aBK 969 $aUMA 979 $aMARIA$b10$c20030417$lUSA01$h1236 979 $aPAOLA$b90$c20030716$lUSA01$h1609 979 $aPAOLA$b90$c20030716$lUSA01$h1610 979 $aPAOLA$b90$c20030716$lUSA01$h1613 979 $aPAOLA$b90$c20030716$lUSA01$h1615 979 $aPATRY$b90$c20040406$lUSA01$h1719 996 $aGonzaga$9691684 997 $aUNISA